Statistics for "DEC" Vocabulary Quiz 2

Click here to take the quiz!

General Stats

  • This quiz has been taken 25 times
  • The average score is 6 of 20

Answer Stats

HintAnswer% Correct
To decodeDecipher
75%
An announcement, proclamation or formal statementDeclaration
69%
A sailor who works on a boat or ship, usually outsideDeckhand
56%
To refuse, or a reduction in vigour or valueDecline
44%
Weakened by age, feeble, dilapidatedDecrepit
44%
A document, information, no longer secret or confidentialDeclassified
38%
To remove the curved nails from an animalDeclaw
38%
The process of decayDecomposition
31%
A medication that opens the nose or sinuses to ease breathingDecongestant
31%
Resolute, determined, especially when leadingDecisive
25%
The gradual normalisation of a diver after a deep diveDecompression
25%
To remove, neutralise an area of harmful substances like poison or chemicalsDecontaminate
25%
To make a formal speech for effect, without sincerityDeclaim
19%
To deactivate or shut down from serviceDecommission
19%
To denounce or condemn orallyDecry
19%
An extract obtained by boiling, such as tea in waterDecoction
6%
A woman's low cut necklineDecolletage
6%
An enclosed structure on the deck of a shipDeckhouse
0%
To separate printouts or continuous paper into sheetsDecollate
0%
To declare no longer sacredDeconsecrate
0%

Score Distribution

Percentile by Number Answered

Percent of People with Each Score

Your Score History

You have not taken this quiz